[Event "Fenain op 8th"]
[Site "Fenain "]
[Date "2006.02.11"]
[Round "1"]
[White "Dehesdin, Wilfried"]
[Black "Marciniak, Francois"]
[Result "1-0"]
[WhiteElo "2121"]
[BlackElo "1870"]
[PlyCount "49"]
[EventDate "2006.02.11"]
[EventType "swiss"]
[EventRounds "7"]
[EventCountry "FRA"]
[SourceTitle "EXT 2008"]
[Source "ChessBase"]
[SourceDate "2007.11.25"]
[SourceVersion "1"]
[SourceVersionDate "2007.11.25"]
[SourceQuality "1"]

1. d4 f5 2. Nc3 Nf6 3. e4 fxe4 4. Bg5 e6 5. f3 Be7 6. fxe4 Nc6 7. Nf3 d6 8. Bd3 e5 9. Bc4 Bg4 10. Be3 Nxe4 11. Nxe4 d5 12. Nf2 Bxf3 13. Qxf3 dxc4 14. dxe5 Nxe5 15. Qh5+ Ng6 16. Rd1 Bd6 17. Bg5 Qd7 18. Qe2+ Ne5 19. 0-0 Qc6 20. Ne4 h6 21. Bh4 Rf8 22. Qh5+ Nf7 23. Nxd6+ cxd6 24. Rfe1+ Kd7 25. Re7+ 1-0

[Event "Bethune op-B 25th"]
[Site "Bethune"]
[Date "2004.12.29"]
[Round "6"]
[White "Marciniak, Francois"]
[Black "Swiercz, Sonia"]
[Result "1-0"]
[WhiteElo "1790"]
[BlackElo "1560"]
[PlyCount "79"]
[EventDate "2004.12.26"]
[EventType "swiss"]
[EventRounds "7"]
[EventCountry "FRA"]
[SourceTitle "EXT 2006"]
[Source "ChessBase"]
[SourceDate "2005.11.24"]
[SourceVersion "1"]
[SourceVersionDate "2005.11.24"]
[SourceQuality "1"]

1. b3 d5 2. Bb2 Nc6 3. e3 d4 4. Bb5 Bd7 5. Nf3 dxe3 6. fxe3 e6 7. 0-0 Nh6 8. Nc3 Bd6 9. Ne4 Rg8 10. Nfg5 Qe7 11. Qh5 Ne5 12. Bxd7+ Qxd7 13. Nxd6+ Qxd6 14. Bxe5 Qxe5 15. Qh4 0-0-0 16. Rad1 Qb2 17. Qc4 Rd6 18. Rb1 Qe5 19. Nxf7 Nxf7 20. Rxf7 Rxd2 21. Rxc7+ Kb8 22. Rxb7+ Kxb7 23. Qb4+ Kc8 24. Qxd2 Rd8 25. Qe2 Qc3 26. Qa6+ Kb8 27. Qxe6 Qxc2 28. Qe5+ Ka8 29. Rf1 Qxa2 30. Qxg7 Qxb3 31. Qg3 Rg8 32. Qf3+ Kb8 33. Qf4+ Kc8 34. Qf5+ Kc7 35. Rc1+ Kd8 36. Rc8+ Ke7 37. Qe5+ Kf7 38. Rc7+ Kg6 39. Rc6+ Kf7 40. Rf6+ 1-0

[Event "Bethune op-B 25th"]
[Site "Bethune"]
[Date "2004.12.27"]
[Round "3"]
[White "Andre, Francois Regis"]
[Black "Marciniak, Francois"]
[Result "0-1"]
[WhiteElo "1590"]
[BlackElo "1790"]
[PlyCount "110"]
[EventDate "2004.12.26"]
[EventType "swiss"]
[EventRounds "7"]
[EventCountry "FRA"]
[SourceTitle "EXT 2006"]
[Source "ChessBase"]
[SourceDate "2005.11.24"]
[SourceVersion "1"]
[SourceVersionDate "2005.11.24"]
[SourceQuality "1"]

1. d4 e6 2. c4 c5 3. d5 exd5 4. cxd5 Nf6 5. Nc3 d6 6. e4 g6 7. Nf3 Bg7 8. Bd3 0-0 9. 0-0 a6 10. a4 Bg4 11. h3 Bxf3 12. Qxf3 Nbd7 13. Bf4 Qb6 14. Rab1 Nh5 15. Bh2 Ne5 16. Qe2 Rac8 17. b3 Nd7 18. Nd1 Be5 19. Ne3 Bxh2+ 20. Kxh2 Nf4 21. Qd2 Nxd3 22. Qxd3 Ne5 23. Qc3 Qd8 24. Nc4 Qf6 25. Nxe5 dxe5 26. Rb2 Qf4+ 27. Kh1 Qxe4 28. Rd2 Rfd8 29. d6 Rd7 30. f3 Qf5 31. Re1 f6 32. Rd5 Qe6 33. Red1 Rc6 34. Qc4 Kg7 35. Rxc5 Rdxd6 36. Rxd6 Qxd6 37. b4 Qd1+ 38. Kh2 Qxa4 39. Qd5 Qxb4 40. Qd7+ Kh6 41. Rxc6 bxc6 42. Qxc6 a5 43. Qxf6 Qf4+ 44. Qxf4+ exf4 45. g3 a4 46. g4 a3 47. h4 a2 48. Kh3 g5 49. h5 a1Q 50. Kg2 Qe1 51. Kh2 Qf2+ 52. Kh1 Qxf3+ 53. Kg1 Qxg4+ 54. Kh1 f3 55. Kh2 Qg2# 0-1